<?xml version="1.0" encoding="UTF-8"?>
<record
    xmlns:xsi="http://www.w3.org/2001/XMLSchema-instance"
    xsi:schemaLocation="http://www.loc.gov/MARC21/slim http://www.loc.gov/standards/marcxml/schema/MARC21slim.xsd"
    xmlns="http://www.loc.gov/MARC21/slim">

  <leader>00666nam a2200157Ia 4500</leader>
  <controlfield tag="008">210323s9999||||xx |||||||||||||| ||und||</controlfield>
  <datafield tag="040" ind1=" " ind2=" ">
    <subfield code="c">STCPL</subfield>
  </datafield>
  <datafield tag="041" ind1=" " ind2=" ">
    <subfield code="h">MAL</subfield>
  </datafield>
  <datafield tag="082" ind1=" " ind2=" ">
    <subfield code="a">894.812 09B</subfield>
    <subfield code="b">PIL-P</subfield>
  </datafield>
  <datafield tag="100" ind1=" " ind2=" ">
    <subfield code="a">&#xD2A;&#xD3F;&#xD33;&#xD4D;&#xD33; &#xD0E;&#xD28;&#xD4D;&#x200D; &#xD06;&#xD30;&#xD4D;&#x200D; &#xD24;&#xD3F;&#xD30;&#xD41;&#xD35;&#xD3E;&#xD30;&#xD4D;&#x200D;&#xD2A;&#xD4D;&#xD2A;&#xD41; &#xD0E;&#xD28;&#xD4D;&#x200D;.&#xD06;&#xD30;&#xD4D;&#x200D;. </subfield>
  </datafield>
  <datafield tag="245" ind1=" " ind2="0">
    <subfield code="a">Premchandinte katha</subfield>
    <subfield code="h">&#xD2A;&#xD4D;&#xD30;&#xD47;&#xD02;&#xD1A;&#xD28;&#xD4D;&#xD26;&#xD3F;&#xD28;&#xD4D;&#x200D;&#xD31;&#xD46; &#xD15;&#xD25;</subfield>
  </datafield>
  <datafield tag="260" ind1=" " ind2=" ">
    <subfield code="a">Kottayam</subfield>
    <subfield code="b">National Book Stall</subfield>
    <subfield code="c">1972</subfield>
  </datafield>
  <datafield tag="300" ind1=" " ind2=" ">
    <subfield code="a">248</subfield>
  </datafield>
  <datafield tag="650" ind1=" " ind2=" ">
    <subfield code="a">GeneralANALYTIC GEOMETRY, CALCULUS, MAXIMA AND MINIMA, CURATURE, ENVELOPES, QUADRATURE, RECTIFICATION, BETA AND GAMMA FUNCTIONS, EQUATIONS OF THE FIRST ORDER</subfield>
  </datafield>
  <datafield tag="942" ind1=" " ind2=" ">
    <subfield code="c">BK</subfield>
  </datafield>
  <datafield tag="999" ind1=" " ind2=" ">
    <subfield code="c">30454</subfield>
    <subfield code="d">30454</subfield>
  </datafield>
  <datafield tag="952" ind1=" " ind2=" ">
    <subfield code="0">0</subfield>
    <subfield code="1">0</subfield>
    <subfield code="4">0</subfield>
    <subfield code="7">0</subfield>
    <subfield code="a">STCPL</subfield>
    <subfield code="b">STCPL</subfield>
    <subfield code="c">D 9 B</subfield>
    <subfield code="d">2021-07-10</subfield>
    <subfield code="g">6.00</subfield>
    <subfield code="l">0</subfield>
    <subfield code="o">894.812 0 ]N?-P</subfield>
    <subfield code="p">42884</subfield>
    <subfield code="r">2021-07-10 00:00:00</subfield>
    <subfield code="w">2021-07-10</subfield>
    <subfield code="y">BK</subfield>
  </datafield>
</record>
